000 00676nam a2200229Ia 4500
003 OSt
005 20220925201726.0
006 a|||||r|||| 00| 0
007 ta
008 220923b |||||||| |||| 00| 0 eng d
037 _cGeneral Book
040 _aRTL
_cRTL
_beng
041 _2eng
_aeng
082 _aX:9.20a1N19.N5, J6 D&W
100 _aKaul N. N.
_9262250
245 0 _aIndia and the International labour organisation
260 _aDelhi
_bMetropolitan Book co. Ltd.
_c1956
300 _a128p
_ccm.
650 _aLabour Economics-India
_9230171
942 _hX:9.20a1N19.N5, J6 D&W
_cGB
_2CC
999 _c540956
_d540956